[Event "Druzynowe Mistrzostwa Regionu KPZSzach 2"]
[Site "Kujawsko-pomorskie"]
[Date "2019.??.??"]
[Round "2.1"]
[White "Bieluszewski, Robert"]
[Black "Wolanski, Michal"]
[Result "0-1"]
[WhiteElo "1816"]
[BlackElo "2008"]
[PlyCount "56"]
[EventDate "2019.??.??"]

1. e4 c5 2. Nf3 g6 3. d4 cxd4 4. Qxd4 Nf6 5. e5 Nc6 6. Qd3 Ng4 7. Qe4 Ngxe5 8.
Nxe5 Qa5+ 9. Bd2 Qxe5 10. Qxe5 Nxe5 11. Bc3 f6 12. Bxe5 fxe5 13. Nc3 e6 14.
O-O-O a6 15. Be2 b5 16. a4 b4 17. Ne4 d5 18. Nd2 Bd7 19. b3 e4 20. Kb1 Bc5 21.
Rhf1 Rf8 22. f4 Ke7 23. g3 Bc6 24. Ka2 Bb7 25. h4 h5 26. Nb1 Rac8 27. Kb2 Rc7
28. Nd2 Be3 0-1

[Event "Druzynowe Mistrzostwa Regionu KPZSzach 2"]
[Site "Kujawsko-pomorskie"]
[Date "2019.??.??"]
[Round "2.2"]
[White "Wrzos, Waldemar"]
[Black "Bieluszewski, Lukasz"]
[Result "1-0"]
[WhiteElo "1611"]
[BlackElo "1695"]
[PlyCount "86"]
[EventDate "2019.??.??"]

1. e4 c6 2. Nc3 d6 3. Bc4 g6 4. Nge2 Nf6 5. d3 a5 6. a4 Bg7 7. O-O O-O 8. h3 e5
9. Ng3 Nbd7 10. f4 exf4 11. Bxf4 Qb6+ 12. Kh1 Ne5 13. Bxe5 dxe5 14. Bb3 h5 15.
Qd2 h4 16. Nge2 Nh7 17. Ng1 Be6 18. Bxe6 fxe6 19. b3 Qb4 20. Nf3 Qe7 21. Nd1
Rf7 22. Nf2 b6 23. Ng4 Raf8 24. Rf2 g5 25. Raf1 Qc5 26. Qe3 Qxe3 27. Nxe3 b5
28. Ra1 Ra8 29. Ng4 Nf8 30. Nxg5 Rxf2 31. Nxf2 Bh6 32. Nf3 Ng6 33. Ng4 Bg7 34.
Kg1 Rc8 35. Kf2 Kh7 36. Ng5+ Kg8 37. Nxe6 b4 38. Rf1 Re8 39. Ng5 Nf4 40. Nf3
Rf8 41. Ne3 Bf6 42. Nf5 Kh7 43. Nh2 Bd8 1-0

[Event "Druzynowe Mistrzostwa Regionu KPZSzach 2"]
[Site "Kujawsko-pomorskie"]
[Date "2019.??.??"]
[Round "2.3"]
[White "Luchowski, Ferdynand"]
[Black "Musial, Marian"]
[Result "1/2-1/2"]
[WhiteElo "1549"]
[BlackElo "1526"]
[PlyCount "59"]
[EventDate "2019.??.??"]

1. Nf3 e6 2. d4 c5 3. c3 Nf6 4. Bg5 Be7 5. Nbd2 cxd4 6. Nxd4 O-O 7. e4 Nc6 8.
Bd3 e5 9. Nf5 d6 10. Nxe7+ Nxe7 11. O-O Ng6 12. Kh1 h6 13. Be3 Nh7 14. f4 exf4
15. Bxf4 Ne5 16. Nc4 Qe7 17. Ne3 Nf6 18. Nd5 Nxd5 19. exd5 Bg4 20. Qd2 Nxd3 21.
Qxd3 Be2 22. Rfe1 Bxd3 23. Rxe7 Bc4 24. Bxd6 Rfd8 25. Bc5 Bxd5 26. b3 a5 27.
Rg1 a4 28. c4 Be6 29. Rxb7 axb3 {DALSZY ZAPIS PARTII NIECZYTELNY !} 30. Rxb3
1/2-1/2

[Event "Druzynowe Mistrzostwa Regionu KPZSzach 2"]
[Site "Kujawsko-pomorskie"]
[Date "2019.??.??"]
[Round "2.4"]
[White "Przybylski, Bartosz"]
[Black "Malinowski, Tomasz"]
[Result "1-0"]
[WhiteElo "1379"]
[BlackElo "1624"]
[PlyCount "111"]
[EventDate "2019.??.??"]

1. e4 e6 2. d3 c5 3. Nd2 d5 4. exd5 exd5 5. Ngf3 Nf6 6. g3 Nc6 7. Bg2 h6 8. O-O
Bd6 9. Re1+ Ne7 10. Nb3 Bg4 11. Qe2 Qc7 12. c3 O-O-O 13. Bf4 Nc6 14. Bxd6 Qxd6
15. Qe3 b6 16. a4 Rhe8 17. Qd2 Be6 18. a5 b5 19. a6 g5 20. Na5 Nxa5 21. Rxa5
Bd7 22. Rxe8 Rxe8 23. b4 Qb6 24. d4 c4 25. Ne5 Be6 26. h4 Rg8 27. hxg5 hxg5 28.
f4 Nh7 29. fxg5 Nxg5 30. Qf4 Nh7 31. Nxf7 Rf8 32. Rxb5 Qxb5 33. Nd6+ Kd7 34.
Nxb5 Rxf4 35. gxf4 Kc6 36. Na3 Nf6 37. b5+ Kb6 38. Kf2 Bd7 39. Kg3 Bxb5 40.
Nxb5 Kxb5 41. f5 Kxa6 42. Kf4 Kb5 43. Ke5 Ng4+ 44. Ke6 a5 45. Bf3 Nh6 46. Bd1
a4 47. Bxa4+ Kxa4 48. Kxd5 Kb3 49. Ke6 Kxc3 50. d5 Kb3 51. d6 c3 52. d7 c2 53.
d8=Q c1=Q 54. Qb6+ Ka4 55. Qd4+ Ka5 56. Qa7+ 1-0

[Event "Druzynowe Mistrzostwa Regionu KPZSzach 2"]
[Site "Kujawsko-pomorskie"]
[Date "2019.??.??"]
[Round "2.5"]
[White "Rybak, Elzbieta"]
[Black "Paprocka, Renata"]
[Result "0-1"]
[WhiteElo "1192"]
[BlackElo "1925"]
[PlyCount "50"]
[EventDate "2019.??.??"]

1. e4 c5 2. Nf3 d6 3. Nc3 Nf6 4. h3 Nc6 5. b3 e6 6. Bb2 Be7 7. Bd3 a6 8. Qe2
Qc7 9. O-O-O b5 10. a3 O-O 11. Nb1 e5 12. Nh4 Be6 13. Qe3 Rab8 14. g3 c4 15.
bxc4 bxc4 16. Be2 Qb7 17. d3 Qxb2+ 18. Kd2 Nd4 19. Rc1 Nb3+ 20. Kd1 Nxc1 21.
Nd2 c3 22. Nhf3 Na2 23. Bf1 cxd2 24. Nxd2 Nc3+ 25. Ke1 Qc1# 0-1

[Event "Druzynowe Mistrzostwa Regionu KPZSzach 2"]
[Site "Kujawsko-pomorskie"]
[Date "2019.??.??"]
[Round "2.6"]
[White "Gryniakow, Jaroslaw"]
[Black "Jablonski, Miroslaw"]
[Result "1-0"]
[WhiteElo "2138"]
[BlackElo "1830"]
[PlyCount "147"]
[EventDate "2019.??.??"]

1. d4 d5 2. c4 c6 3. Nf3 Nf6 4. Nc3 dxc4 5. e4 b5 6. e5 Nd5 7. a4 e6 8. Ng5 Be7
9. h4 h6 10. Nge4 b4 11. Nb1 Ba6 12. Nbd2 c3 13. Nc4 Bxc4 14. Bxc4 cxb2 15.
Bxb2 a5 16. Qg4 g6 17. h5 g5 18. O-O Nd7 19. Rac1 Qb6 20. Bb3 Nf4 21. Rfd1 Rf8
22. g3 Nd5 23. Re1 Kd8 24. Rc2 Rc8 25. Rec1 Nc3 26. Nxc3 bxc3 27. Rxc3 Qb4 28.
Ba3 Qb6 29. Bxe7+ Kxe7 30. Qe4 Qb4 31. Qd3 Rfd8 32. Qc4 Rb8 33. Bd1 c5 34. dxc5
Qxc4 35. Rxc4 Nxe5 36. R4c3 Nd3 37. Ra1 Rb2 38. Bc2 Nxf2 39. c6 Nh3+ 40. Kf1
Rc8 41. Bd3 Rc7 42. Bb5 Rh2 43. Rd1 Rh1+ 44. Ke2 Rxd1 45. Kxd1 Nf2+ 46. Kc2 Ne4
47. Re3 Nf6 48. Kb3 Nxh5 49. Kc4 Nf6 50. Kc5 Nd5 51. Re1 Rc8 52. Rh1 Rh8 53.
Bc4 Nb4 54. c7 Rc8 55. Kb6 Kd6 56. Rd1+ Nd5+ 57. Bxd5 exd5 58. Rc1 d4 59. Kb7
Kd7 60. Rc4 Rxc7+ 61. Rxc7+ Ke6 62. Kc6 f5 63. Rd7 Ke5 64. Kc5 f4 65. Rd5+ Ke4
66. Rxd4+ Ke3 67. gxf4 gxf4 68. Rd6 h5 69. Rh6 f3 70. Rxh5 f2 71. Rf5 Ke2 72.
Kb5 f1=Q 73. Rxf1 Kxf1 74. Kxa5 1-0

[Event "Druzynowe Mistrzostwa Regionu KPZSzach 2"]
[Site "Kujawsko-pomorskie"]
[Date "2019.??.??"]
[Round "2.7"]
[White "Sivickis, Wiktoria"]
[Black "Gorniewicz, Oskar"]
[Result "1/2-1/2"]
[WhiteElo "1727"]
[BlackElo "1930"]
[PlyCount "70"]
[EventDate "2019.??.??"]

1. d4 Nf6 2. Nf3 e6 3. c4 d5 4. Bg5 Be7 5. e3 c6 6. Bd3 Nbd7 7. O-O O-O 8. Nc3
h6 9. Bh4 a6 10. c5 e5 11. Bf5 e4 12. Nd2 g6 13. Bxd7 Nxd7 14. Bg3 b5 15. cxb6
Nxb6 16. Na4 Bg4 17. Qb3 Nxa4 (17... Nc4 18. Nxc4) 18. Qxa4 Be2 19. Rfc1 Bb5
20. Qc2 Rc8 21. Nb3 h5 22. h3 (22. h4 Bxh4) 22... h4 23. Bh2 Bd3 24. Qc3 f5 25.
Nc5 Bxc5 26. Qxc5 g5 27. Qd6 Qxd6 28. Bxd6 Rf6 29. Be5 Rf7 30. Rc5 Rb7 31. b3
Rb5 32. Bf6 Rxc5 33. dxc5 g4 34. hxg4 fxg4 35. Bxh4 Kf7 1/2-1/2

[Event "Druzynowe Mistrzostwa Regionu KPZSzach 2"]
[Site "Kujawsko-pomorskie"]
[Date "2019.??.??"]
[Round "2.8"]
[White "Lewandowski, Marek"]
[Black "Maslowski, Jakub"]
[Result "1/2-1/2"]
[WhiteElo "1871"]
[BlackElo "1523"]
[PlyCount "61"]
[EventDate "2019.??.??"]

1. e4 Nf6 2. Nc3 e5 3. f4 d5 4. fxe5 Nxe4 5. Qf3 Nc6 6. Bb5 Nxc3 7. bxc3 a6 8.
Bxc6+ bxc6 9. Ne2 Qh4+ 10. g3 Qg4 11. O-O Qxf3 12. Rxf3 Bd7 13. d4 Rb8 14. Nf4
Be7 15. Nd3 O-O 16. Bd2 Rb6 17. Kg2 Rfb8 18. Rff1 Bg4 19. Kf2 Bf5 20. Ke2 Bg4+
21. Kf2 Bf5 22. Ke2 Be4 23. Bf4 R8b7 24. Be3 Ba3 25. Bc1 Be7 26. Be3 Ba3 27.
Bc1 Be7 28. Be3 Ba3 29. Bc1 Be7 30. Be3 Ba3 31. Bc1 1/2-1/2

[Event "Druzynowe Mistrzostwa Regionu KPZSzach 2"]
[Site "Kujawsko-pomorskie"]
[Date "2019.??.??"]
[Round "2.9"]
[White "Zajac, Szymon"]
[Black "Bartosik, Piotr"]
[Result "0-1"]
[WhiteElo "1421"]
[BlackElo "1891"]
[PlyCount "45"]
[EventDate "2019.??.??"]

1. d4 Nf6 2. c4 g6 3. Nc3 Bg7 4. Nf3 O-O 5. e3 d6 6. b3 Nbd7 7. Bb2 c6 8. Be2
e5 9. dxe5 dxe5 10. Qc2 Re8 11. O-O Qc7 12. Rfd1 Nc5 13. Nd2 Bf5 14. e4 Bg4 15.
Bxg4 Nxg4 16. h3 Nf6 17. b4 Ne6 18. Ne2 Nh5 19. Nf3 Nhf4 20. Ng3 c5 21. b5 Nd4
22. Qa4 Nxf3+ 23. gxf3 0-1

[Event "Druzynowe Mistrzostwa Regionu KPZSzach 2"]
[Site "Kujawsko-pomorskie"]
[Date "2019.??.??"]
[Round "2.10"]
[White "Mackiewicz, Anna"]
[Black "Sivickis, Kornelia"]
[Result "1-0"]
[WhiteElo "1857"]
[BlackElo "1111"]
[PlyCount "131"]
[EventDate "2019.??.??"]

1. Nf3 Nf6 2. d4 d5 3. c4 e6 4. g3 c6 5. Bg2 dxc4 6. Ne5 Nbd7 7. Nxc4 Bb4+ 8.
Bd2 Bxd2+ 9. Qxd2 O-O 10. O-O Qc7 11. Nc3 Rb8 12. Rac1 Qd8 13. Rfd1 Qe7 14. Qg5
h6 15. Qf4 Nd5 16. Qd2 b5 17. Ne5 Nxe5 18. dxe5 Bb7 19. Ne4 Rfd8 20. Nd6 Ba8
21. Be4 f6 22. f4 a6 23. Bg6 f5 24. Bf7+ Kh7 25. Bh5 Qa7+ 26. Qd4 Qxd4+ 27.
Rxd4 g6 28. Bf3 Rd7 29. e4 fxe4 30. Nxe4 Kg7 31. Nc5 Re7 32. Nxa6 Rc8 33. Nc5
h5 34. Ne4 Rcc7 35. Bg2 Ra7 36. a3 Re8 37. Nd6 Rd8 38. Bh3 Re7 39. a4 bxa4 40.
Rxa4 Ne3 41. Rca1 Bb7 42. Ra7 Rdd7 43. Ne4 Rc7 44. Nc5 Nf5 45. Rd1 Kf7 46. Rd8
Kg7 47. Rb8 Bc8 48. Raa8 Re8 49. Nxe6+ Rxe6 50. Rxc8 Rxc8 51. Rxc8 Kf7 52. Kf2
Ke7 53. Rh8 Kf7 54. Bxf5 gxf5 55. Rxh5 Kg6 56. Rh8 Kg7 57. Rc8 Kf7 58. h3 Kg6
59. g4 fxg4 60. hxg4 Kg7 61. Ke3 Kf7 62. Ke4 Ke7 63. f5 Rh6 64. f6+ Ke6 65.
Rxc6+ Kf7 66. Kf5 1-0

[Event "Druzynowe Mistrzostwa Regionu KPZSzach 2"]
[Site "Kujawsko-pomorskie"]
[Date "2019.??.??"]
[Round "2.11"]
[White "Kacprzak, Karol"]
[Black "Krainski, Slawomir"]
[Result "1-0"]
[WhiteElo "1868"]
[BlackElo "2109"]
[PlyCount "81"]
[EventDate "2019.??.??"]

1. d4 d5 2. c4 e6 3. Nf3 a6 4. e3 Nf6 5. Nc3 Be7 6. Qc2 O-O 7. Bd3 dxc4 8. Bxc4
b5 9. Bd3 Bb7 10. e4 Nc6 11. e5 Nb4 12. Qb1 Nxd3+ 13. Qxd3 Nd5 14. a3 Nxc3 15.
Qxc3 a5 16. Be3 b4 17. Qc2 bxa3 18. bxa3 Ba6 19. h4 Qd5 20. Ng5 g6 21. f3 c5
22. dxc5 Qxe5 23. Kf2 Rab8 24. Rab1 Rxb1 25. Rxb1 h6 26. f4 Qc7 27. Nf3 Rc8 28.
Rc1 Bb7 29. h5 gxh5 30. Ne5 Bd5 31. Qe2 Rb8 32. Kg1 h4 33. Qg4+ Kf8 34. Qh5 Bf6
35. Qxh6+ Bg7 36. Qxh4 Rb2 37. Nf3 Bxf3 38. gxf3 Qd7 39. c6 Qd3 40. Bc5+ Kg8
41. c7 1-0

[Event "Druzynowe Mistrzostwa Regionu KPZSzach 2"]
[Site "Kujawsko-pomorskie"]
[Date "2019.??.??"]
[Round "2.12"]
[White "Szczesniak, Andrzej"]
[Black "Kacprzak, Kacper"]
[Result "1/2-1/2"]
[WhiteElo "1934"]
[BlackElo "1845"]
[PlyCount "37"]
[EventDate "2019.??.??"]

1. d4 d5 2. c4 e6 3. Nc3 Nf6 4. cxd5 exd5 5. Bg5 Be7 6. e3 O-O 7. Bd3 a6 8. Qc2
h6 9. Bh4 b5 10. Nf3 Bb7 11. Bg3 Nbd7 12. Rd1 c5 13. dxc5 Nxc5 14. O-O Qb6 15.
Bf5 a5 16. Be6 Rfd8 17. Nd4 Nfd7 18. Bxd7 Rxd7 19. Be5 {NIECZYTELNY ZAPIS
PARTII.} 1/2-1/2

[Event "Druzynowe Mistrzostwa Regionu KPZSzach 2"]
[Site "Kujawsko-pomorskie"]
[Date "2019.??.??"]
[Round "2.13"]
[White "Budnik, Mateusz"]
[Black "Laskowski, Filip"]
[Result "1/2-1/2"]
[WhiteElo "2072"]
[BlackElo "1902"]
[PlyCount "83"]
[EventDate "2019.??.??"]

1. e4 e6 2. d4 d5 3. Nd2 Be7 4. c3 c5 5. e5 Nc6 6. Ndf3 Qb6 7. Bd3 cxd4 8. cxd4
Bd7 9. Ne2 Nb4 10. Bb1 Bb5 11. O-O Qa6 12. Re1 Nd3 13. Bxd3 Bxd3 14. Nc3 Nh6
15. Bxh6 gxh6 16. Qd2 O-O-O 17. Qxh6 Rdg8 18. Rac1 Kb8 19. Qf4 Bf5 20. g3 h5
21. h4 Rg4 22. Qe3 Rhg8 23. Kh2 Qa5 24. Rh1 Qd8 25. Kg2 Bxh4 26. Nxh4 Rxh4 27.
f3 Rxh1 28. Rxh1 Qb6 29. Qd2 Bg6 30. Rc1 Qa6 31. Kf2 Rc8 32. a3 Rc4 33. Ne2
Rxc1 34. Qxc1 Qd3 35. Qe3 Qd1 36. Qc1 Qd3 37. Qg5 a6 38. Qe3 Qc2 39. Qc3 Qc1
40. Nf4 Qh1 41. Ne2 Qd1 42. Qc1 1/2-1/2

[Event "Druzynowe Mistrzostwa Regionu KPZSzach 2"]
[Site "Kujawsko-pomorskie"]
[Date "2019.??.??"]
[Round "2.14"]
[White "Sciborowski, Miroslaw"]
[Black "Olszewski, Marek"]
[Result "0-1"]
[WhiteElo "1981"]
[BlackElo "2003"]
[PlyCount "102"]
[EventDate "2019.??.??"]

1. d4 Nf6 2. Nf3 d6 3. g3 Nbd7 4. Bg2 e5 5. dxe5 dxe5 6. O-O Bc5 7. c3 O-O 8.
Qc2 Qe7 9. b4 Bd6 10. e3 a5 11. bxa5 Rxa5 12. Nbd2 Ra7 13. c4 Nc5 14. Bb2 Bg4
15. Nb3 Nfd7 16. Nfd2 Rfa8 17. Nxc5 Nxc5 18. Nb3 f6 19. Nxc5 Bxc5 20. Bc3 c6
21. Rfb1 Ra4 22. Qb3 R8a7 23. Bf1 Be6 24. Be1 b5 25. Rc1 Qf7 26. Qd1 Bxc4 27.
Bxc4 Rxc4 28. Rxc4 bxc4 29. Qc2 Ba3 30. Rb1 Ra8 31. Bb4 g6 32. Bxa3 Rxa3 33.
Rb4 Qd5 34. Rxc4 Rd3 35. Rd4 Rxd4 36. exd4 exd4 37. a4 d3 38. Qd2 Qc4 39. a5
Qc2 40. Qe3 d2 41. Qe6+ Kf8 42. Qxf6+ Ke8 43. Qe6+ Kd8 44. Qd6+ Kc8 45. Qf8+
Kd7 46. Qf7+ Kd6 47. Qf6+ Kc5 48. Qe5+ Kc4 49. Qe6+ Kb4 50. Qd6+ Kb3 51. Qe6+
Kb2 0-1

[Event "Druzynowe Mistrzostwa Regionu KPZSzach 2"]
[Site "Kujawsko-pomorskie"]
[Date "2019.??.??"]
[Round "2.15"]
[White "Dabrowska, Aleksandra"]
[Black "Pacuszka, Wioletta"]
[Result "0-1"]
[WhiteElo "1550"]
[BlackElo "1743"]
[PlyCount "61"]
[EventDate "2019.??.??"]

1. c4 e5 2. Nc3 Nf6 3. g3 Nc6 4. Bg2 d6 5. Nf3 Be7 6. O-O O-O 7. d3 h6 8. b3
Rb8 9. Bb2 Re8 10. Re1 Bd7 11. Rc1 Bf8 12. Qd2 Qc8 13. Red1 Bh3 14. Bh1 Qd7 15.
Qe1 a6 16. Nb1 Bg4 17. Nc3 Qc8 18. Qd2 Qd7 19. Re1 Rbd8 20. Bg2 Bh3 21. Kh1 Bg4
22. Ba1 Qc8 23. Bb2 Qd7 24. a3 Rb8 25. Qc2 Nd8 26. Nd2 c6 27. Nd1 Ne6 28. Nf3
Bxf3 29. Bxf3 Ng5 30. Ne3 Nxf3 31. exf3 0-1

[Event "Druzynowe Mistrzostwa Regionu KPZSzach 2"]
[Site "Kujawsko-pomorskie"]
[Date "2019.??.??"]
[Round "2.16"]
[White "Straszewski, Tomasz"]
[Black "Wojcicki, Mateusz"]
[Result "1-0"]
[WhiteElo "1682"]
[BlackElo "1825"]
[PlyCount "102"]
[EventDate "2019.??.??"]

1. d4 d5 2. c4 e5 3. dxe5 d4 4. Nf3 Nc6 5. a3 Be6 6. e3 dxe3 7. Qxd8+ Rxd8 8.
Bxe3 Nge7 9. Be2 Ng6 10. O-O Ngxe5 11. Nbd2 Be7 12. Rad1 O-O 13. h3 h6 14. Nxe5
Nxe5 15. f4 Nd3 16. f5 Bc8 17. b4 Bf6 18. Ne4 Nb2 19. Nxf6+ gxf6 20. Rxd8 Rxd8
21. Bxh6 Rd4 22. c5 a5 23. Rf4 Rd5 24. Bf3 Rd3 25. Rg4+ Kh7 26. Bf8 c6 27. Rg7+
Kh8 28. Rxf7 Rxa3 29. bxa5 Rxa5 30. Be7 Bxf5 31. Bxf6+ Kg8 32. Rg7+ Kf8 33.
Bxb2 Rb5 34. Bd4 Rb4 35. Be5 Rb3 36. Bh5 Be4 37. Rg3 Rb1+ 38. Kf2 Ke7 39. Bg6
Bxg6 40. Rxg6 Kf7 41. Rf6+ Ke7 42. Bd4 Rd1 43. Rf4 Ke6 44. Be3 Ke5 45. Rb4 Rd7
46. g4 Kf6 47. Kf3 Kg6 48. h4 Kf6 49. Rd4 Rh7 50. h5 Ke5 51. Rd6 b6 1-0

[Event "Druzynowe Mistrzostwa Regionu KPZSzach 2"]
[Site "Kujawsko-pomorskie"]
[Date "2019.??.??"]
[Round "2.17"]
[White "Jesse, Jacek"]
[Black "Kaminski, Mateusz"]
[Result "1-0"]
[WhiteElo "1965"]
[BlackElo "1432"]
[PlyCount "106"]
[EventDate "2019.??.??"]

1. d4 d5 2. c4 c6 3. Nc3 Nf6 4. Bg5 e6 5. e3 Nbd7 6. c5 e5 7. Nf3 e4 8. Nd2 Be7
9. Be2 O-O 10. h3 Re8 11. b4 Nf8 12. Bh4 Bd7 13. Qb3 b5 14. a4 a6 15. O-O Qc8
16. Kh2 h6 17. Bg3 Bd8 18. Ra2 Bc7 19. Rfa1 Bxg3+ 20. fxg3 Rb8 21. axb5 axb5
22. Ra7 Rb7 23. R7a6 Qc7 24. Qa2 Reb8 25. Nf1 Ng6 26. Qb1 Ne7 27. R6a3 Nf5 28.
Qe1 h5 29. Kg1 g6 30. Qf2 Kg7 31. Nxb5 Rxb5 32. Bxb5 Rxb5 33. Ra4 g5 34. Ra7
Rb7 35. Ra8 g4 36. h4 Ne7 37. Qf4 Qxf4 38. gxf4 Nc8 39. Ng3 Ne7 40. R8a7 Rxa7
41. Rxa7 Kg6 42. Nf1 Kf5 43. Kf2 Ke6 44. Ra6 Kf5 45. Ng3+ Kg6 46. Ne2 Bc8 47.
Ra8 Ne8 48. Ng3 Nf6 49. Ne2 Ne8 50. Nc3 Kf6 51. Ra7 Ke6 52. Na4 Bd7 53. Nb6 Nc8
1-0

[Event "Druzynowe Mistrzostwa Regionu KPZSzach 2"]
[Site "Kujawsko-pomorskie"]
[Date "2019.??.??"]
[Round "2.18"]
[White "Podlewski, Szymon"]
[Black "Operman, Dariusz"]
[Result "1/2-1/2"]
[WhiteElo "1540"]
[BlackElo "1417"]
[PlyCount "61"]
[EventDate "2019.??.??"]

1. e4 e5 2. Nf3 Nf6 3. Nxe5 d6 4. Nf3 Nxe4 5. Nc3 Nxc3 6. dxc3 Be7 7. Be2 O-O
8. O-O Nc6 9. Be3 Bg4 10. h3 Bh5 11. Re1 Bf6 12. Qd2 Re8 13. Qd5 Bg6 14. Bd3
Bxd3 15. cxd3 Qd7 16. Qb3 b6 17. Qc2 h6 18. d4 Ne7 19. Bd2 Ng6 20. Qd3 c6 21.
Nh2 Rxe1+ 22. Rxe1 Re8 23. Rxe8+ Qxe8 24. Qg3 Qe6 25. Nf3 Be7 26. b3 Qe4 27.
Kh2 Qb1 28. h4 Qf5 29. Qh3 Qe4 30. h5 Nf8 31. Qc8 1/2-1/2

[Event "Druzynowe Mistrzostwa Regionu KPZSzach 2"]
[Site "Kujawsko-pomorskie"]
[Date "2019.??.??"]
[Round "2.19"]
[White "Theuss, Tomasz"]
[Black "Bromirski, Gracjan"]
[Result "1-0"]
[WhiteElo "1605"]
[BlackElo "1347"]
[PlyCount "47"]
[EventDate "2019.??.??"]

1. e4 Nf6 2. e5 Nd5 3. d4 d6 4. c4 Nb6 5. f4 dxe5 6. fxe5 Nc6 7. Be3 g6 8. Nc3
Bg7 9. h3 O-O 10. Nf3 Kh8 11. Be2 f5 12. Qd2 e6 13. O-O Qd7 14. Rad1 Qf7 15.
Ng5 Qd7 16. Nf3 Qf7 17. Nh4 a6 18. Qc2 Bd7 19. b3 Rad8 20. g4 Bc8 21. Qc1 Rg8
22. Ne4 h6 23. Bxh6 Nxd4 24. Bxg7+ {DALSZY ZAPIS PARTII NIECZYTELNY} 1-0

[Event "Druzynowe Mistrzostwa Regionu KPZSzach 2"]
[Site "Kujawsko-pomorskie"]
[Date "2019.??.??"]
[Round "2.20"]
[White "Karkowska, Ewa"]
[Black "Marszelska, Joanna"]
[Result "1-0"]
[WhiteElo "1592"]
[BlackElo "1419"]
[PlyCount "109"]
[EventDate "2019.??.??"]

1. e4 e5 2. Nc3 Nc6 3. g3 Nf6 4. Bg2 d6 5. Nge2 Be6 6. d4 Bc4 7. d5 Bxe2 8.
Nxe2 Nb4 9. c3 Na6 10. b4 Be7 11. O-O Nd7 12. f4 c5 13. a3 Qb6 14. Be3 Rc8 15.
Bh3 Rd8 16. Qa4 Qc7 17. fxe5 dxe5 18. b5 Nb6 19. Qc2 Nb8 20. c4 O-O 21. a4 a5
22. Nc1 N6d7 23. Nd3 b6 24. Qb2 Nf6 25. Nxe5 Nxe4 26. Nc6 Nxc6 27. bxc6 Bd6 28.
Bf5 Nf6 29. Rab1 Be5 30. Qxb6 Bxg3 31. Qxc7 Bxc7 32. Bxc5 Rfe8 33. Rb7 g6 34.
Rxc7 gxf5 35. Be7 Nxd5 36. cxd5 Rxd5 37. Rd7 Re5 38. c7 R5xe7 39. Rxe7 Rc8 40.
Rd7 Kg7 41. Rc1 Kg6 42. Rd8 Rxc7 43. Rxc7 h5 44. Rc5 Kg5 45. Kg2 Kf4 46. Rd4+
Kg5 47. Rdd5 h4 48. Rxf5+ Kg6 49. Kf3 h3 50. Kg4 Kg7 51. Rc7 Kf8 52. Rfxf7+ Ke8
53. Rh7 Kd8 54. Rcg7 Kc8 55. Rh8# 1-0

[Event "Druzynowe Mistrzostwa Regionu KPZSzach 2"]
[Site "Kujawsko-pomorskie"]
[Date "2019.??.??"]
[Round "2.21"]
[White "Grochowalski, Pawel"]
[Black "Darowicki, Mariusz"]
[Result "1-0"]
[WhiteElo "2085"]
[BlackElo "1950"]
[PlyCount "105"]
[EventDate "2019.??.??"]

1. d4 Nf6 2. c4 c6 3. Nf3 d5 4. Qc2 g6 5. e3 Bf5 6. Bd3 Bxd3 7. Qxd3 dxc4 8.
Qxc4 Qa5+ 9. Nc3 Qa6 10. Qe2 Bg7 11. Bd2 O-O 12. O-O Qxe2 13. Nxe2 Ne4 14. Bb4
Re8 15. Rfd1 Na6 16. Be1 Rad8 17. Nc3 Nd6 18. Rac1 e6 19. Na4 Ne4 20. Nc3 Nxc3
21. Bxc3 c5 22. Kf1 b5 23. b3 Rd5 24. Ke2 Red8 25. Rd2 Bf8 26. dxc5 Bxc5 27.
Bf6 Rxd2+ 28. Nxd2 Ra8 29. Ne4 Bf8 30. Bd4 Bg7 31. Nf6+ Bxf6 32. Bxf6 Nb4 33.
a3 Nd5 34. Bd4 f5 35. g3 Re8 36. f3 e5 37. Bxa7 Ra8 38. Bc5 Rc8 39. e4 fxe4 40.
fxe4 Nf6 41. Kf3 g5 42. h3 h5 43. g4 hxg4+ 44. hxg4 Kf7 45. Be3 Rd8 46. Bxg5
Rd3+ 47. Ke2 Rxb3 48. Rf1 Rxa3 49. Rxf6+ Kg7 50. Rb6 Ra4 51. Kf3 Ra3+ 52. Be3
Rb3 53. Re6 1-0

[Event "Druzynowe Mistrzostwa Regionu KPZSzach 2"]
[Site "Kujawsko-pomorskie"]
[Date "2019.??.??"]
[Round "2.22"]
[White "Zolnierowicz, Krzysztof"]
[Black "Cichocki, Konrad"]
[Result "1-0"]
[WhiteElo "1987"]
[BlackElo "1811"]
[PlyCount "33"]
[EventDate "2019.??.??"]

1. e4 e5 2. Nf3 Nc6 3. Bc4 Bc5 4. c3 Nf6 5. d4 exd4 6. O-O d5 7. exd5 Nxd5 8.
Qb3 Be6 9. Qxb7 Na5 10. Qb5+ c6 11. Qxc5 Nxc4 12. Qxc6+ Ke7 13. Qxc4 Rc8 14.
Qxd4 Qc7 15. Re1 Rhd8 16. Qxg7 Rg8 17. Qe5 1-0

[Event "Druzynowe Mistrzostwa Regionu KPZSzach 2"]
[Site "Kujawsko-pomorskie"]
[Date "2019.??.??"]
[Round "2.23"]
[White "Augustowski, Janusz"]
[Black "Kaminski, Damian"]
[Result "1/2-1/2"]
[WhiteElo "1740"]
[BlackElo "1839"]
[PlyCount "78"]
[EventDate "2019.??.??"]

1. d4 Nf6 2. c4 c5 3. d5 b5 4. cxb5 a6 5. e3 g6 6. a4 Bg7 7. Nc3 O-O 8. Nf3 d6
9. Be2 axb5 10. Bxb5 Bb7 11. O-O Na6 12. Re1 Nc7 13. Bc4 Ra7 14. e4 Nd7 15. Nb5
Nxb5 16. Bxb5 Ne5 17. Nxe5 Bxe5 18. Bh6 Bg7 19. Bxg7 Kxg7 20. b4 Qa8 21. bxc5
dxc5 22. Ra3 Ba6 23. Qc1 Bxb5 24. Rh3 h5 25. axb5 Qc8 26. Rc3 Ra2 27. Rxc5 Qg4
28. h3 Qh4 29. Rc2 Rfa8 30. b6 Qf6 31. b7 Rxc2 32. Qxc2 Rb8 33. Qc6 Qb2 34. e5
Qxb7 35. Qxb7 Rxb7 36. Re2 Rb1+ 37. Kh2 Rd1 38. d6 exd6 39. exd6 Rxd6 1/2-1/2

[Event "Druzynowe Mistrzostwa Regionu KPZSzach 2"]
[Site "Kujawsko-pomorskie"]
[Date "2019.??.??"]
[Round "2.24"]
[White "Szmidt, Przemyslaw"]
[Black "Jeziorny, Janusz"]
[Result "1-0"]
[WhiteElo "1860"]
[BlackElo "1719"]
[PlyCount "167"]
[EventDate "2019.??.??"]

1. Nf3 Nf6 2. c4 c6 3. Nc3 d5 4. cxd5 cxd5 5. d4 Nc6 6. g3 g6 7. Bg2 Bg7 8. O-O
O-O 9. Ne5 Be6 10. Nxc6 bxc6 11. Na4 Rc8 12. Bf4 Bf5 13. Nc5 Nh5 14. Be3 e5 15.
dxe5 Bxe5 16. Qa4 Nf6 17. Bd4 Bxd4 18. Qxd4 Re8 19. e3 Nd7 20. Rfd1 Nxc5 21.
Qxc5 Qb6 22. Qc3 a5 23. b3 Be6 24. Rac1 Red8 25. Qc5 Qa6 26. Bf1 Qa8 27. Rd4
Rd7 28. Ra4 Ra7 29. Rd1 Rb8 30. Rdd4 Bd7 31. Rh4 Re8 32. Qc3 Re4 33. Rhxe4 dxe4
34. Rxe4 a4 35. Bc4 c5 36. Re7 Be8 37. Qe5 Rxe7 38. Qxe7 axb3 39. Bxb3 Qc8 40.
Bc4 Qc6 41. h4 h5 42. e4 Kg7 43. Bd5 Qb5 44. Qe5+ Kg8 45. Qf6 Kh7 46. e5 Qd7
47. Bb3 Qc7 48. Bc4 Qd7 49. e6 fxe6 50. Bxe6 Qg7 51. Qxg7+ Kxg7 52. f3 Kf6 53.
Bc8 Ke5 54. Kf2 Kd4 55. Ke2 Kc3 56. Be6 Bb5+ 57. Ke3 Bd3 58. a4 Bf1 59. Bf7 Kb2
60. a5 Bb5 61. Bxg6 c4 62. g4 c3 63. gxh5 Be8 64. Be4 Bc6 65. h6 Bxe4 66. Kxe4
c2 67. h7 c1=Q 68. h8=Q+ Ka3 69. Qd4 Qc6+ 70. Ke3 Qh6+ 71. Kf2 Ka2 72. Qb6
Qxh4+ 73. Ke2 Qc4+ 74. Ke3 Qc1+ 75. Ke4 Qe1+ 76. Kf5 Qc3 77. Qe6+ Ka3 78. Qd5
Qc8+ 79. Ke4 Qe8+ 80. Kd3 Qg6+ 81. Ke3 Qh6+ 82. f4 Qh3+ 83. Kd4 Qg3 84. Qc5+
1-0

[Event "Druzynowe Mistrzostwa Regionu KPZSzach 2"]
[Site "Kujawsko-pomorskie"]
[Date "2019.??.??"]
[Round "2.25"]
[White "Cichocka, Katarzyna"]
[Black "Kot, Ewelina"]
[Result "1-0"]
[WhiteElo "1540"]
[BlackElo "1239"]
[PlyCount "103"]
[EventDate "2019.??.??"]

1. e4 e6 2. d4 d5 3. exd5 exd5 4. Nf3 Nf6 5. Bd3 Bd6 6. Bg5 Qe7+ 7. Be2 O-O 8.
O-O Nbd7 9. Re1 Qd8 10. Nbd2 c6 11. Bd3 Qc7 12. h3 h6 13. Bxf6 Nxf6 14. Ne5 Re8
15. Ndf3 c5 16. c3 c4 17. Bc2 b5 18. Re3 a5 19. Qe2 Be6 20. Re1 Nh5 21. Nh4 Nf6
22. Qf3 Bxe5 23. dxe5 Nd7 24. Nf5 Bxf5 25. Qxf5 g6 26. Qf4 Kg7 27. Qd4 Qc5 28.
Qg4 Nf8 29. Qf4 Re6 30. Rf3 Qe7 31. Qd4 Rd8 32. Rg3 Kh7 33. h4 h5 34. Rg5 Kg7
35. Bf5 Rc6 36. e6+ f6 37. Rg3 Kh7 38. Qd1 Kh6 39. Qd2+ Kh7 40. Qe2 Kh6 41.
Qe3+ Kh7 42. Bc2 Rxe6 43. Bxg6+ Nxg6 44. Qxe6 Qxe6 45. Rxe6 Rf8 46. Rf3 f5 47.
g3 Kg7 48. Rb6 Ne5 49. Re3 Ng4 50. Re7+ Rf7 51. Rxf7+ Kxf7 52. Rxb5 1-0